U-values and traditional buildings (Record no. 112241)
[ view plain ]
| 000 -LEADER | |
|---|---|
| fixed length control field | 01218cad a22002295a 4500 |
| 001 - CONTROL NUMBER | |
| control field | E152874 |
| 008 - FIXED-LENGTH DATA ELEMENTS--GENERAL INFORMATION | |
| fixed length control field | 110510s2011 xxk f 000 0 eng d |
| 035 ## - SYSTEM CONTROL NUMBER | |
| System control number | (Sirsi) u152874 |
| 041 0# - LANGUAGE CODE | |
| Language code of text/sound track or separate title | eng |
| 100 1# - MAIN ENTRY--PERSONAL NAME | |
| Personal name | Baker, Paul |
| 245 00 - TITLE STATEMENT | |
| Title | U-values and traditional buildings |
| Remainder of title | in situ measurements and their comparisons to calculated values |
| Medium | [electronic resource] |
| 260 ## - PUBLICATION, DISTRIBUTION, ETC. | |
| Place of publication, distribution, etc. | Edinburgh |
| Name of publisher, distributor, etc. | Historic Scotland |
| Date of publication, distribution, etc. | 2011 |
| 490 #0 - SERIES STATEMENT | |
| Series statement | Historic Scotland Technical Paper |
| Volume/sequential designation | (10) |
| 520 ## - SUMMARY, ETC. | |
| Summary, etc. | Presents the results of a thermal performance study of traditional building elements, using U-values as an indicator of thermal performance. Measurements were taken in situ, and then compared to computer-generated U-value calculations. Found that such calculations ofted under estimate the thermal performance of traditional building elements. |
| 590 ## - LOCAL NOTE (RLIN) | |
| Local note | KA |
| 651 #4 - SUBJECT ADDED ENTRY--GEOGRAPHIC NAME | |
| Geographic name | Scotland |
| Chronological subdivision | 1999- |
| 690 ## - LOCAL SUBJECT ADDED ENTRY--TOPICAL TERM (OCLC, RLIN) | |
| Topical term or geographic name as entry element | ENVIRONMENTAL AND LAND CONSULTANCY-ENERGY-ENERGY USE-ENERGY EFFICIENCY |
| 710 1# - ADDED ENTRY--CORPORATE NAME | |
| Corporate name or jurisdiction name as entry element | Historic Scotland |
| 9 (RLIN) | 2914 |
| 710 1# - ADDED ENTRY--CORPORATE NAME | |
| Corporate name or jurisdiction name as entry element | Glasgow Caledonian University |
| 856 40 - ELECTRONIC LOCATION AND ACCESS | |
| Uniform Resource Identifier | <a href="https://www.historic-scotland.gov.uk/publicationsresultsdetail.htm?id=4dc88ecc7">https://www.historic-scotland.gov.uk/publicationsresultsdetail.htm?id=4dc88ecc7</a> |
| Public note | View the report free of charge at www.historic-scotland.gov.uk |
| 942 ## - ADDED ENTRY ELEMENTS (KOHA) | |
| Suppress in OPAC | 0 |
| Withdrawn status | Lost status | Source of classification or shelving scheme | Damaged status | Not for loan | Home library | Current library | Shelving location | Date acquired | Total Checkouts | Full call number | Barcode | Date last seen | Copy number | Price effective from | Koha item type |
|---|---|---|---|---|---|---|---|---|---|---|---|---|---|---|---|
| Dewey Decimal Classification | Virtual | Virtual | Online | 10/05/2011 | ONLINE PUBLICATION | 152874-2001 | 06/08/2019 | 1 | 06/08/2019 | Book |